| 000 | 00687nam a22001937a 4500 | ||
|---|---|---|---|
| 005 | 20240422102125.0 | ||
| 008 | 240422b ||||| |||| 00| 0 eng d | ||
| 020 | _a1883053420 | ||
| 040 | _aBSOP | ||
| 050 |
_aQB19 _bSl6 1997 |
||
| 100 | _aSlotsky, Alice Louise | ||
| 245 |
_aThe Bourse of Babylon : _bmarket quotations in the astronomical diaries of Babylonia / _cAlice Louise Slotsky. |
||
| 260 |
_aBethesda, Maryland : _bCDL Press, _cc1997. |
||
| 300 |
_axiv, 192p. : _bills. ; _c23cm. |
||
| 504 | _aIncludes bibliographical references and index. Glossary : 170-185pp. | ||
| 650 | _aAstronomy, Assyro-Babylonian | ||
| 650 | _aPrices -- Babylon (Extinct city) | ||
| 942 |
_2lcc _cBK |
||
| 999 |
_c52577 _d52577 |
||